The crown of Mexico; (Record no. 535029)
[ view plain ]
| 000 -LEADER | |
|---|---|
| fixed length control field | 00670cam a2200193 4500 |
| 020 ## - INTERNATIONAL STANDARD BOOK NUMBER | |
| International Standard Book Number | 0030865727 |
| 082 00 - DEWEY DECIMAL CLASSIFICATION NUMBER | |
| Classification number | 972/.07/0924 |
| -- | B |
| 100 1# - MAIN ENTRY--PERSONAL NAME | |
| Personal name | Haslip, Joan, |
| Dates associated with a name | 1912- |
| 245 14 - TITLE STATEMENT | |
| Title | The crown of Mexico; |
| Remainder of title | Maximilian and his Empress Carlota. |
| 260 ## - PUBLICATION, DISTRIBUTION, ETC. | |
| Place of publication, distribution, etc. | New York, |
| Name of publisher, distributor, etc. | Holt, Rinehart and Winston |
| Date of publication, distribution, etc. | [1972, c1971] |
| 300 ## - PHYSICAL DESCRIPTION | |
| Extent | viii, 531 p. |
| Other physical details | illus. |
| Dimensions | 22 cm. |
| 942 ## - ADDED ENTRY ELEMENTS (KOHA) | |
| Source of classification or shelving scheme | |
| Koha item type | Book |
| 504 ## - BIBLIOGRAPHY, ETC. NOTE | |
| Bibliography, etc. note | Bibliography: p. 512-516. |
| Withdrawn status | Lost status | Source of classification or shelving scheme | Damaged status | Not for loan | Permanent Location | Current Location | Shelving location | Date acquired | Source of acquisition | Total Checkouts | Full call number | Barcode | Date last seen | Price effective from | Koha item type |
|---|---|---|---|---|---|---|---|---|---|---|---|---|---|---|---|
| Central Library (CL) | Central Library (CL) | General Stacks | 08/27/2020 | Donation | 972/.07/0924 HAS | CL-D-997 | 08/27/2020 | 08/27/2020 | Book |
